| 000 | 01800nam a22002537a 4500 | ||
|---|---|---|---|
| 003 | Uzh_bibl | ||
| 008 | 260507b |||||||| |||| 00| 0 ukr d | ||
| 020 |
_a978-966-14-7839-7 _c38.00 |
||
| 040 | _bукр. | ||
| 041 |
_2ukr _aukr |
||
| 080 | _a821(477) | ||
| 090 |
_a821(477) _bШ 66 |
||
| 100 | _aШкляр, Василь | ||
| 245 |
_aЗалишенець.Чорний ворон _hТекст |
||
| 260 |
_aХарків _bКнижковий Клуб "Клуб Сімейного Дозвілля" _c2015 |
||
| 300 |
_a432 с. _fВ опр. |
||
| 520 | _aЇх називали бандитами, розбійниками, головорізами й навіть у прокльонах-анафемах забороняли згадувати їхні імена. Щоб вбити у пам`яті упокореної маси ту ідею, за яку повстанці жертвували свої молоді життя. Авжеж, вони стріляли, вішали, палили, нищили — але кого? На їхньому бойовому чорному прапорі напис: «Воля України або смерть». Вони не вийшли з лісу навіть тоді, коли навкруги запанувала чужа влада і вже не було надії на визволення. Вони — залишенці — обрали собі смерть. | ||
| 521 | _aДля широкого кола читачів | ||
| 546 | _aукр. | ||
| 650 | _aЛітературно-художнє видання | ||
| 653 |
_aВоля України _aПовстанська боротьба _aОтаман |
||
| 655 |
_aІсторична проза _vРоман _y20-ті роки ХХ ст _zУкраїна |
||
| 942 |
_2udc _cBK |
||
| 999 |
_c17661 _d17661 |
||